Introduction to evidence-based practice in nursing and health care / (Record no. 1052)

MARC details
000 -LEADER
fixed length control field 01847cam a22002894a 4500
005 - DATE AND TIME OF LATEST TRANSACTION
control field 20260322212044.0
008 - FIXED-LENGTH DATA ELEMENTS--GENERAL INFORMATION
fixed length control field data
010 ## - LIBRARY OF CONGRESS CONTROL NUMBER
LC control number 2005004503
020 ## - INTERNATIONAL STANDARD BOOK NUMBER
International Standard Book Number 0763729132
020 ## - INTERNATIONAL STANDARD BOOK NUMBER
International Standard Book Number 9780763729134
040 ## - CATALOGING SOURCE
Original cataloging agency DNLM/DLC
Transcribing agency DLC
Modifying agency DLC
042 ## - AUTHENTICATION CODE
Authentication code pcc
050 00 - LIBRARY OF CONGRESS CALL NUMBER
Classification number RT42
Item number .I584 2006
060 10 - NATIONAL LIBRARY OF MEDICINE CALL NUMBER
Classification number WY 100
Item number I6128 2006
082 00 - DEWEY DECIMAL CLASSIFICATION NUMBER
Classification number 610.73
Edition information 22
001 - CONTROL NUMBER
control field data
245 00 - TITLE STATEMENT
Title Introduction to evidence-based practice in nursing and health care /
Statement of responsibility, etc. [edited by] Kathy Malloch, Tim Porter-O'Grady.
260 ## - PUBLICATION, DISTRIBUTION, ETC.
Place of publication, distribution, etc. Sudbury, MA :
Name of publisher, distributor, etc. Jones and Bartlett Publishers,
Date of publication, distribution, etc. c2006.
300 ## - PHYSICAL DESCRIPTION
Extent xiv, 278 p. :
Dimensions 23 cm.
Other physical details ill.
504 ## - BIBLIOGRAPHY, ETC. NOTE
Bibliography, etc. note Includes bibliographical references and index.
505 0# - FORMATTED CONTENTS NOTE
Formatted contents note A new age for practice: creating the framework for evidence / Tim Porter O'Grady -- A framework for nursing clinical inquiry: pathway toward evidenced-based nursing / Delora C. Sanares and Diane Heliker -- From nursing process to nursing synthesis: evidence-based nursing education / Marcia K. Flesner ... [et al.] -- Linking structure and healing: building architecture for evidence-based practice / Rosalyn Cama -- Living evidence: translating research into practice / Marie P. Farrell -- The journey to evidence: managing the information infrastructure / Robert C. Geibert -- Managing variance through an evidence-based framework for safe and reliable health care / Kathy A. Scott -- Partnership economics: evidence-based workload management / Tim Porter-O'Grady and Kathy Malloch -- Evidence-based practice and health policy: a match or a mismatch / Susan R. Cooper ... [et al.] -- Creating nursing system excellence through the forces of magnetism / Amy Steinbinder and Elaine Scherer.
650 #2 - SUBJECT ADDED ENTRY--TOPICAL TERM
Topical term or geographic name entry element Evidence-Based Medicine.
650 #2 - SUBJECT ADDED ENTRY--TOPICAL TERM
Topical term or geographic name entry element Nursing Care.
650 #2 - SUBJECT ADDED ENTRY--TOPICAL TERM
Topical term or geographic name entry element Nursing Research.
700 1# - ADDED ENTRY--PERSONAL NAME
Personal name Malloch, Kathy.
700 1# - ADDED ENTRY--PERSONAL NAME
Personal name Porter-O'Grady, Timothy.
Holdings
Withdrawn status Lost status Damaged status Not for loan Home library Current library Shelving location Date acquired Total checkouts Full call number Barcode Date last seen Price effective from Koha item type
        Riverside Riverside General stacks 22/03/2026   610.73 22 BC0011086 22/03/2026 22/03/2026 Books